[Event "75th ARM-ch Women 2020"]
[Site "Yerevan"]
[Date "2020.01.20"]
[Round "9.4"]
[White "Arakelyan, Nare"]
[Black "Khachatryan, Anna"]
[Result "0-1"]
[WhiteElo "1913"]
[BlackElo "2051"]
[Annotator "NA"]
[PlyCount "76"]
[EventDate "2020.01.12"]
[EventType "tourn"]
[EventCountry "ARM"]
[SourceTitle "playchess.com"]
[Source "ChessBase"]
[SourceQuality "1"]
[TimeControl "40/5400+30:1800+30"]

{[%evp 32,76,0,-55,32767,32767,-52,-87,0,32767,-105,-133,-137,-129,32767,-147,-124,32767,-210,-829,-285,32767,-808,-1338,-1112,-703,-903,-898,-920,-970,-1064,-1175,-1298,-29988,-29989,-29989,-29990,-29989,-29991,32767,-29997,-29997,-2976,32767,32767,-29998,-29999]} 1. e4 {[%emt 0:00:00]} c5 {[%emt 0:00:00]} 2. Nf3 {[%emt 0:00:00]} Nc6 {[%emt 0:00:00]} 3. d4 {[%emt 0:00:00]} cxd4 {[%emt 0:00:00]} 4. Nxd4 {[%emt 0:00:00]} e5 {[%emt 0:00:00]} 5. Nb5 {[%emt 0:00:01]} d6 {[%emt 0:00:01]} 6. N1c3 {[%emt 0:00:04]} a6 {[%emt 0:00:09]} 7. Na3 {[%emt 0:00:04]} b5 {[%emt 0:00:02]} 8. Nd5 {[%emt 0:00:04]} Nge7 {[%emt 0:00:04]} 9. c4 {[%emt 0:00:05]} Nd4 {[%emt 0:01:17]} 10. Be3 {[%emt 0:00:15]} Nxd5 {[%emt 0:00:08]} 11. exd5 {[%emt 0:00:04]} Nf5 {[%emt 0:00:18]} 12. cxb5 {[%emt 0:02:25] B33: Sicilian: Pelikan and Sveshnikov Variations} Nxe3 {[%emt 0:00:32]} 13. fxe3 {[%emt 0:00:04]} Qh4+ {[%emt 0:00:48]} 14. g3 {[%emt 0:00:07]} Qe4 {[%emt 0:00:28]} 15. Qc2 {[%emt 0:00:03]} Qxe3+ {[%emt 0:05:23]} 16. Be2 {[%emt 0:00:06]} Bd7 {[%emt 0:15:50]} 17. Qd2 {[%emt 0:01:04]} (17. bxa6 Be7 18. Qd2 Qe4 19. O-O O-O {1-0 (39) Gabrielian,A (2532)-Adhiban,B (2682) Moscow 2017}) 17... Qxd2+ {[%emt 0:08:16]} 18. Kxd2 {[%emt 0:00:04]} axb5 $1 {[%emt 0:00:22]} 19. Bxb5 $146 {[%emt 0:05:04] [#]} ({Predecessor:} 19. Nxb5 Ke7 {½-½ (46) Karaklajic,N-Denker,A Wijk aan Zee 1972}) 19... Be7 {[%emt 0:08:46]} (19... Ra5 $1 $17 20. Bc6 g6) 20. Rhf1 {[%emt 0:03:51] [#]} Ra5 $1 {[%emt 0:08:39]} 21. Bc4 {[%emt 0:03:50]} (21. Bxd7+ $15 Kxd7 22. Ke2) 21... Bg5+ {[%emt 0:01:38]} 22. Kc3 {[%emt 0:00:53]} Ke7 {[%emt 0:00:08]} 23. Nc2 {[%emt 0:00:17]} Rc8 {[%emt 0:03:43]} 24. b4 {[%emt 0:02:20]} Rxd5 {[%emt 0:04:57]} 25. a4 $2 {[%emt 0:00:06]} (25. Kb3 Ba4+ {[%mdl 64] Deflection} 26. Kxa4 Rxc4 27. Kb3) 25... f5 $2 {[%emt 0:14:52]} (25... Be6 26. Na3 Rd4) 26. Rf2 {[%emt 0:08:06]} Be6 {[%emt 0:01:10]} 27. Kb3 {[%emt 0:05:46] [#]} Rxc4 $1 {[%emt 0:00:27]} 28. Kxc4 {[%emt 0:00:02]} Rd2+ {[%emt 0:03:02]} 29. Kb5 Rxf2 {[%emt 0:00:17]} 30. Ne1 {[%emt 0:01:28]} Rb2 {[%emt 0:01:48]} 31. a5 {[%emt 0:00:24]} Bd2 {[%emt 0:00:47]} 32. a6 {[%emt 0:02:23]} Rxb4+ {[%emt 0:00:42]} 33. Kc6 {[%emt 0:00:04]} Bd7+ {[%emt 0:02:43]} 34. Kc7 {[%emt 0:00:23]} Be3 {[%emt 0:00:15]} 35. Ra2 {[%emt 0:05:08]} Bb6+ {[%emt 0:00:07]} 36. Kb7 {[%emt 0:00:16]} Bd8+ {[%emt 0:00:46]} (36... Bd4+ $142 37. Kc7 Ba7 38. h4 Bb8#) 37. Ka7 {[%emt 0:00:20]} Bc7 {[%emt 0:05:18]} 38. Nc2 {[%emt 0:04:06]} Bb8+ {[%emt 0:00:11]} 0-1

[Event "75th ARM-ch Women 2020"]
[Site "Yerevan"]
[Date "2020.01.20"]
[Round "9.5"]
[White "Ghukasyan, Siranush"]
[Black "Hakobyan, Astghik"]
[Result "1-0"]
[WhiteElo "2246"]
[BlackElo "1917"]
[Annotator "ChessBase"]
[PlyCount "109"]
[EventDate "2020.01.12"]
[EventType "tourn"]
[EventCountry "ARM"]
[SourceTitle "playchess.com"]
[Source "ChessBase"]
[SourceQuality "1"]
[TimeControl "40/5400+30:1800+30"]

1. e4 {[%emt 0:01:46]} e6 {[%emt 0:00:00]} 2. d4 {[%emt 0:00:18]} d5 {[%emt 0:00:00]} 3. Nc3 {[%emt 0:00:05]} Bb4 {[%emt 0:00:00]} 4. a3 {[%emt 0:00:04]} Bxc3+ {[%emt 0:00:00]} 5. bxc3 {[%emt 0:00:01]} dxe4 {[%emt 0:00:29]} 6. Qg4 {[%emt 0:00:06]} Nf6 {[%emt 0:00:10]} 7. Qxg7 {[%emt 0:00:06]} Rg8 {[%emt 0:00:05]} 8. Qh6 {[%emt 0:00:04]} c5 {[%emt 0:01:36]} 9. Ne2 {[%emt 0:00:20]} Nc6 {[%emt 0:00:36]} 10. dxc5 {[%emt 0:00:16]} Rg6 {[%emt 0:01:44]} 11. Qd2 {[%emt 0:00:30]} Qa5 {[%emt 0:05:15]} 12. Nd4 {[%emt 0:00:57]} e3 {[%emt 0:16:38]} 13. Qxe3 {[%emt 0:05:39]} Nd5 {[%emt 0:04:15]} 14. Qd3 {[%emt 0:06:23]} Qxc5 {[%emt 0:07:09]} 15. Nxc6 {[%emt 0:02:59]} Qxc6 {[%emt 0:04:20]} 16. c4 {[%emt 0:06:41]} Nf6 {[%emt 0:07:48]} 17. Bb2 {[%emt 0:05:59]} Bd7 {[%emt 0:07:57]} 18. O-O-O {[%emt 0:03:47]} Ng4 {[%emt 0:11:55]} 19. Qd2 {[%emt 0:04:02]} O-O-O {[%emt 0:01:13]} 20. f3 {[%emt 0:02:56]} Nh6 {[%emt 0:00:12]} 21. Bd3 {[%emt 0:11:22]} f5 {[%emt 0:00:40]} 22. Rhe1 {[%emt 0:01:19]} Nf7 {[%emt 0:01:32]} 23. Qf2 {[%emt 0:01:29]} Kb8 {[%emt 0:04:05]} 24. Bf1 {[%emt 0:04:04]} Ka8 {[%emt 0:02:51]} 25. g3 {[%emt 0:07:35]} Qc7 {[%emt 0:02:47]} 26. f4 {[%emt 0:01:43]} Bc6 {[%emt 0:03:13]} 27. Rxd8+ {[%emt 0:00:36]} Qxd8 {[%emt 0:00:46]} 28. Bg2 {[%emt 0:01:31]} Bxg2 {[%emt 0:01:08]} 29. Qxg2 {[%emt 0:00:05]} Qc8 {[%emt 0:00:09]} 30. Rd1 {[%emt 0:01:55]} Rg8 {[%emt 0:01:27]} 31. Qe2 {[%emt 0:01:45]} Rd8 {[%emt 0:02:43]} 32. Re1 {[%emt 0:03:18]} Re8 {[%emt 0:01:28]} 33. Rd1 {[%emt 0:08:51]} Rd8 {[%emt 0:04:08]} 34. Rxd8 {[%emt 0:03:22]} Nxd8 {[%emt 0:00:02]} 35. Qd3 {[%emt 0:03:27]} Nf7 {[%emt 0:01:25]} 36. Qd4 {[%emt 0:00:57]} b6 {[%emt 0:01:43]} 37. Qg7 {[%emt 0:01:08]} Nd6 {[%emt 0:00:44]} 38. Qxh7 {[%emt 0:00:56]} Qxc4 {[%emt 0:01:02]} 39. Qh8+ {[%emt 0:02:16]} Kb7 {[%emt 0:00:19]} 40. Qg7+ {[%emt 0:00:00]} Ka6 {[%emt 0:00:00]} 41. Qd4 {[%emt 0:01:25]} Qc6 {[%emt 0:03:11]} 42. h4 {[%emt 0:05:31]} Ne4 {[%emt 0:17:10]} 43. h5 {[%emt 0:03:04]} Qe8 {[%emt 0:02:09]} 44. Qd3+ {[%emt 0:01:54]} Kb7 {[%emt 0:00:50]} 45. g4 {[%emt 0:00:49]} Qc6 {[%emt 0:04:48]} 46. h6 {[%emt 0:08:34]} Nc5 {[%emt 0:03:08]} 47. Qd1 {[%emt 0:01:40]} Qc7 {[%emt 0:00:56]} 48. Qh1+ {[%emt 0:02:56]} Ka6 {[%emt 0:01:26]} 49. h7 {[%emt 0:03:19]} Nb3+ {[%emt 0:00:29]} 50. Kb1 {[%emt 0:00:07]} Nd2+ {[%emt 0:00:09]} 51. Ka1 {[%emt 0:00:37]} Qxc2 {[%emt 0:02:00]} 52. h8=Q {[%emt 0:00:41]} Nb3+ {[%emt 0:00:08]} 53. Ka2 {[%emt 0:00:03]} Qc4 {[%emt 0:00:12]} 54. Qc3 {[%emt 0:00:12]} Nc1+ {[%emt 0:00:21]} 55. Kb1 {[%emt 0:00:16]} 1-0